Πολιτεία (περί δικαίου)

Αποθηκεύτηκε σε:
Λεπτομέρειες βιβλιογραφικής εγγραφής
Κύριος συγγραφέας: Πλάτων, 428 ή 7-348 ή 7 π.Χ
Άλλοι συγγραφείς: Κολοκόντες, Δημήτρης Γ. (Μεταφραστής), Γκρουμούτη, Ζωή (trlf)
Μορφή: Βιβλίο
Γλώσσα:Greek
Δημοσίευση: Αθήνα : Κάκτος, 1992.
Σειρά:Έλληνες (Εκδόσεις Κάκτος) 66-67-68-69
Θέματα:
Ετικέτες: Προσθήκη ετικέτας
Δεν υπάρχουν, Καταχωρήστε ετικέτα πρώτοι!

MARC

LEADER 00000cam a2200000 i 4500
001 1/36402
008 970403m1992####gr | ||| |||| ||gre||
035 |a 1994  |c ΤΣΙΒΑΚΟΥ  |l 10040232 
040 |a GR-MyUA  |b gre  |e AACR2 
041 1 |a gre 
082 0 |a 180.938 
100 0 |a Πλάτων,   |d 428 ή 7-348 ή 7 π.Χ. 
245 1 0 |a Πολιτεία (περί δικαίου) /   |c Πλάτων ; μετάφραση Δ.Γ. Κολοκοντές, Ζωή Γκρουμούτη.  
260 |a Αθήνα :   |b Κάκτος,   |c 1992.  
300 |a 4 τ. ;   |c 21 εκ.  
490 1 |a (Οι έλληνες   |v ; 66-67-68-69)  
505 0 |a τ.1. Βιβλίο πρώτο-δεύτερο--τ.2. Βιβλίο τρίτο-τέταρτο--τ.3. Βιβλίο πέμπτο-έκτο--τ.4. Βιβλίο έβδομο-όγδοο 
650 0 0 |a Philosophy, Ancient. 
700 1 |a Κολοκόντες, Δημήτρης Γ.  |e trl 
700 1 |a Γκρουμούτη, Ζωή,  |e trlf 
830 0 |a Έλληνες (Εκδόσεις Κάκτος)  |v  66-67-68-69 
852 |a INST  |b SAMOS  |e 19970403  |h 180.938 ΠΛΑ  |p 005300006101  |q 005300006101  |t BK  |y 0  |z τ.2 
852 |a INST  |b SAMOS  |e 19970403  |h 180.938 ΠΛΑ  |p 005300006109  |q 005300006109  |t BK  |y 0  |z τ.1 
852 |a INST  |b SAMOS  |e 19970403  |h 180.938 ΠΛΑ  |p 005300006110  |q 005300006110  |t BK  |y 0  |z τ.3 
852 |a INST  |b SAMOS  |e 19970403  |h 180.938 ΠΛΑ  |p 005300006126  |q 005300006126  |t BK  |y 0  |z τ.4 
852 |a INST  |b SAMOS  |e 19970403  |h 180.938 ΠΛΑ  |p 005300006101  |q 005300006101  |t BK  |v τ.2:  |y 0  |z τ.2 
852 |a INST  |b SAMOS  |e 19970403  |h 180.938 ΠΛΑ  |p 005300006109  |q 005300006109  |t BK  |v τ.1:  |y 0  |z τ.1 
852 |a INST  |b SAMOS  |e 19970403  |h 180.938 ΠΛΑ  |p 005300006110  |q 005300006110  |t BK  |v τ.3:  |y 0  |z τ.3 
852 |a INST  |b SAMOS  |e 19970403  |h 180.938 ΠΛΑ  |p 005300006126  |q 005300006126  |t BK  |v τ.4:  |y 0  |z τ.4 
853 |a INST  |b SAMOS  |h 180.938 ΠΛΑ 
909 |a Σ  |b 038629 
909 |a Σ  |b 038622 
909 |a Σ  |b 038630 
909 |a Σ  |b 038631